MDQL
is popping MORE tags! Check the
thread
!
Quizzes
Events
Quiz Creation
Community
Videos
Private Events
Remove Ads
Sign In
Join for FREE
Feedback
Dark Mode
Quiz Categories
Sports
Geography
Music
Movies
Television
Just For Fun
Miscellaneous
History
Literature
Language
Science
Gaming
Entertainment
Religion
Holiday
For Kids
Quiz Lab
Recent
Popular Today
Quiz Kudos Today
Editor Picks
Curator Picks
Quizzes by...
Day
Popularity
Type
Ratings
Length
Year
Community
Subscriptions
Recent Discussions
Orange Saloon
Badges
Playlists
Quests
Create
Leaderboards
Showdown
Live 5
Trivia Bingo
Activity
Puzzle Library
Sporcle Events
Private Events
Virtual Trivia
Globe League
Become a Host
Pub Owners
SporcleCon
Opinionation
Our Games
Videos
Blog
Mobile Apps
Partnerships
Remove Ads and Go Orange
Feedback
Movies
Disney
Marvel Cinematic Universe
Movie Resume
Movie Titles
Oscar
Actor
Actress
Director
Pixar
Role
Movie Quotes
Movie Characters
Box Office
Nominee
Best Picture
Star Wars
James Bond
Horror Movies
Movies
Disney
Marvel Cinematic Universe
Movie Resume
Movie Titles
Oscar
Actor
Actress
Director
Pixar
Role
Movie Quotes
Movie Characters
Box Office
Nominee
Best Picture
Star Wars
James Bond
Horror Movies
Random Quiz
Search Sporcle
×
Quiz Lab
Quiz Lab
Movies
War
Type in answers that appear in a list
Type in answers that appear in a list
Classic
Best Score? Go Orange.
Impossible Star Wars Quiz Stats
The Impossible Star Wars Quiz?
By
gregozowow
12m
30 Questions
102 Plays
102 Plays
102 Plays
Comments
Comments
Give Quiz Kudos
Give Quiz Kudos
-
- Ratings
hide this ad
Replay
Link that replays current quiz
Next Quiz
Link to next quiz in quiz playlist
You Got
0%
They Got
Avg Score
19%
Avg Friend Score
Upgrade to see
Score Distribution
Jump to the score distribution portion of the page
Score
0/30
Timer
12:00
0
Plays Today
Hint
Answer
% Correct
What did Luke want to pick up at the Tosche station?
Power converters
67.6%
Duel of_
_
_
_
Fates
53.9%
Hello there
Obiwan Kenobi
40.2%
Where did Aayla Secura die?
Felucia
35.3%
Scratches Padme
Nexu
29.4%
What I told you was true...
from a certain point of view
27.5%
Creepy one-
eyed thing
Dianoga
25.5%
Who says the last line in Ep3?
C3PO
24.5%
Luminous beings are we, not this _
_
_
_
Crude matter
24.5%
Tries to dance with Jabba
Oola
23.5%
Who's lack of faith does Vader find disturbing?
Motti
20.6%
A rapper in Jabba's palace
Rappertunie
19.6%
Obiwan's loud friend
Boga
18.6%
Keira
Sabe
17.6%
Rhymes with Hoth
Koth
16.7%
Hint
Answer
% Correct
Poggle the Lesser's second in command
Sun Fac
15.7%
You might also notice a _
_
_
_
_
Shoe
15.7%
Dad, _
_
_
_
_
_
_
's here
Taun We
15.7%
George in disguise
Baron Papanoida
14.7%
Watch out for the _
_
_
_
in the asteroid field
POTATO
12.7%
George Lucas's son
Zett Jukassa
10.8%
I don't like you either
Evazan
10.8%
Stop smoking
General Grievous
7.8%
Wookiee senator
Yarua
4.9%
Ki Adi Mundi is secretly...
Nute Gunray
3.9%
Tion Medon's right-
hand man
Lampay Fay
3.9%
Wookiee battle leader
Merumeru
3.9%
Trying to rip off uncle Owen
Nebit
2.9%
Little thief!
Teebo
2.9%
Two main characters playing extras in the 'death sticks' scene
C3PO and Jarjar
1%
Quiz Playlist
Details
Report
Send in Message
Add To Playlist
Classic:
Type in answers that appear in a list
Last Updated: Jul 29, 2017
Quiz Scoreboard
CHALLENGE
Sign Up to Join the Scoreboard
Show All
Scores
Hide
Comments
May contain spoilers
Recently Published
Colored Red Africa Blitz
by spor1
Geography
30s
Find the 'City' Movie
by crazypaving
Movies
60s
5x2 Blitz: Bands
by SL_Kpop136
Music
30s
More to Explore
Quiz From the Vault
Featured Blog Post
14 Easter Pick-up Lines to Find Eggs With
hide this ad
You Might Also Like...
Tags
War Quiz
impossible
star
Today's Top Quizzes in Movies
Browse Movies
hide this ad
Today's Top Quizzes in War
Browse War
Top Contributed Quizzes in Movies
1
Find The 'Big' Movie
2
Find The 'Blue' Movie
3
Find The 'Wild' Movie
4
Hidden Star Wars Character II
5
Pick 5 Posters: Directed by Spielberg
6
Hidden Star Wars Character III
7
Hidden Star Wars Character IV
8
Movies By Plot
9
Alfred Hitchcock Movies by Plot
10
Hidden Star Wars Character V
Explore More
Trending Topics
Kpop
Disney
Marvel
Anime
Harry Potter
NBA
Crossword
Puzzle
NFL
Song
Country
Pokémon
Soccer
WWE
The Office
hide this ad
More By:
gregozowow
Quiz
Plays
Rating
Category
Featured
Created
Star wars quiz
151
2.00
Movies
Mar 10, 2016
Star Wars who doesn't belong?
123
1.00
Movies
Mar 9, 2016
Impossible Star Wars Quiz
102
1.50
Movies
Mar 9, 2016
Epic Star Wars 60 Second Blitz
94
1.33
Movies
Mar 9, 2016
Star Wars A-Z
72
2.50
Movies
Mar 12, 2016
Go to Creator's Profile
Score Distribution
Quiz Creator Spotlight
gregozowow
Follow
Send a Message
Quizzes Created
-
Created Quiz Play Count
-
More By This Creator
Popular Quizzes Today
1
5x2 Blitz: Bands
2
Find the 'City' Movie
3
Colored Red Africa Blitz
4
Find the US States - No Outlines Minefield
5
The Countries of the World
6
Find the US States
7
9x9 Crossword: Cartoon Network
8
US States
More Movies Quizzes
Movies of 2016
Published
Trending Quizzes
Colored Red Africa Blitz II
Colored Red Europe Blitz I
Christmas Pick: Judaism
Colored Red Africa Blitz III
Colored Red Europe Blitz II
Recently Updated
Champions League XIs: Real Madrid
pecheneg
Largest US Cities 1790-2010
pecheneg
Rides in Walt Disney World
pecheneg
Most Oscar Losses (Acting)
pecheneg
Beyoncé Albums
pecheneg
Leaping Animals
pecheneg
Reality TV Shows (A-Z)
bhenderson79
Rickey Henderson's Hall of Fame Teammates
pecheneg
Champions League XIs: Arsenal
pecheneg
Quick Pick: Celebrities in WWE's Hall of Fame
aduchscher
Trending Topics
Marvel
Disney
Anime
NBA
Harry Potter
Kpop
Crossword
Pokémon
Song
WWE
The Office
Puzzle
Soccer
Country
NFL
Your Account Isn't Verified!
In order to create a playlist on Sporcle, you need to verify the email address you used during registration. Go to your
Sporcle Settings
to finish the process.
Report this User
Report this user for behavior that violates our
Community Guidelines
.
Details:
Send Report
Go to the Sporcle.com Mobile Site →
Comments